00942nam a2200253 i 4500001001300000003000900013005001700022008004100039020001500080035002000095040002800115041001300143082002600156100006100182240008900243245009100332260002700423300005200450490002900502504003500531655003300566700004400599830004500643000000029130IT-MiSPE20180801153618.0041027s1981 it cfh b u000 u ita c a8802036632 a(IT-RoPUS)29130 aIT-MiSPEbitacIT-MiSPE1 aitahger a193-HEG ge sc (23183)1 aHegel, Georg Wilhelm Friedrich,eautore4autd1770-1831.10aEnzyklopd̃ie der philosophischen Wissenschaften im Grundrisse. Die Logik.lItaliano13aLa scienza della logica /cdi Georg Wilhelm Friedrich Hegel ; a cura di Valerio Verra. aTorino :bUTET,c1981. a472 p., [7] c. di tav. :britr., facs. ;c24 cm1 aClassici della filosofia aBibliografia e indice dei nomi aFilosofia tedescaxIdealismo1 aValerio Verraecuratore4ed.d1928-2001 0aClassici della filosofia (UTET) ;v24.1.